[Event "DFMM-LV"]
[Site "Braunfels"]
[Date "2013.06.02"]
[Round "5.8"]
[White "Suhr, Michaela"]
[Black "Wagner, Swenja"]
[Result "0-1"]
[WhiteElo "1055"]
[BlackElo "1378"]
[PlyCount "100"]
[EventDate "2013.05.30"]
[EventType "team-swiss"]
[EventCountry "GER"]
[WhiteTeam "Schleswig Holstein"]
[BlackTeam "Mecklenburg Vorpommern"]
[WhiteTeamCountry "GER"]
[BlackTeamCountry "GER"]

1. e4 e5 2. Nc3 Bc5 3. Nf3 Nc6 4. Bc4 Nf6 5. d3 Na5 6. Bd5 c6 7. Bb3 Nxb3 8.
axb3 d6 9. Bd2 Bg4 10. h3 Bh5 11. Qe2 O-O 12. Na4 Bb6 13. Be3 Bc7 14. O-O d5
15. exd5 cxd5 16. g4 Nxg4 17. Rfd1 Nf6 18. c3 Qc8 19. Kg2 e4 20. Qc2 Bxf3+ 21.
Kf1 Qxh3+ 22. Ke1 Bxd1 23. Rxd1 Ng4 24. Qe2 Nxe3 25. fxe3 exd3 26. Rxd3 Rfe8
27. Nc5 Bb6 28. b4 Bxc5 29. bxc5 f5 30. Kd2 Rad8 31. b4 Qg4 32. Qf2 Re6 33. Qf4
Qxf4 34. exf4 Kf7 35. Rh3 Rh6 36. Rf3 Re8 37. Kd3 Re4 38. b5 Ke7 39. Rf1 Rh3+
40. Kc2 Rc4 41. Re1+ Kf6 42. Kd2 Rcxc3 43. Rc1 Rxc1 44. Kxc1 Rc3+ 45. Kd2 Rxc5
46. Kd3 Rxb5 47. Kd4 Rb4+ 48. Kxd5 Re4 49. Kd6 b5 50. Kc5 b4 0-1

[Event "DFMM-LV"]
[Site "Braunfels"]
[Date "2013.06.02"]
[Round "5.1"]
[White "Zschischang, Marine"]
[Black "Vovk, Oksana"]
[Result "1/2-1/2"]
[WhiteElo "2099"]
[BlackElo "2133"]
[PlyCount "23"]
[EventDate "2013.05.30"]
[EventType "team-swiss"]
[EventCountry "GER"]
[WhiteTeam "Niedersachsen"]
[BlackTeam "Nordrhein Westfalen"]
[WhiteTeamCountry "GER"]
[BlackTeamCountry "GER"]

1. f4 d5 2. Nf3 Nf6 3. e3 g6 4. b3 Bg7 5. Bb2 O-O 6. Be2 b6 7. O-O Bb7 8. Qe1
c5 9. Qh4 Nbd7 10. Bb5 a6 11. Bxd7 Qxd7 12. d3 1/2-1/2

[Event "DFMM-LV"]
[Site "Braunfels"]
[Date "2013.06.02"]
[Round "5.2"]
[White "Zhang, Fan"]
[Black "Diederichs, Luise"]
[Result "1-0"]
[WhiteElo "2089"]
[BlackElo "1906"]
[PlyCount "93"]
[EventDate "2013.05.30"]
[EventType "team-swiss"]
[EventCountry "GER"]
[WhiteTeam "Nordrhein Westfalen"]
[BlackTeam "Niedersachsen"]
[WhiteTeamCountry "GER"]
[BlackTeamCountry "GER"]

1. d4 g6 2. Nf3 Bg7 3. e4 d6 4. c3 c5 5. dxc5 dxc5 6. Qxd8+ Kxd8 7. Bc4 e6 8.
Bg5+ Bf6 9. Bf4 Nc6 10. Nbd2 e5 11. Be3 b6 12. Bxf7 Kc7 13. O-O-O Nge7 14. Bb3
Na5 15. Ba4 Be6 16. Kb1 h6 17. b4 b5 18. Bxc5 bxa4 19. bxa5 Rab8+ 20. Bb4 Nc6
21. a3 Nxa5 22. Ka1 Nc6 23. Rb1 Rhd8 24. Bc5 Rxb1+ 25. Kxb1 g5 26. h3 Rb8+ 27.
Kc2 Bg7 28. Rb1 Rd8 29. Ne1 Na5 30. Bxa7 Nb3 31. Rd1 Bf8 32. Nef3 Kb7 33. Be3
Bxa3 34. Rb1 Kc8 35. c4 Nd4+ 36. Bxd4 exd4 37. Ra1 Bc5 38. Kd3 Kc7 39. Rxa4 Bd7
40. Ra6 Bb6 41. Nb3 g4 42. hxg4 Bxg4 43. c5 Bxc5 44. Nxc5 Bxf3 45. Ne6+ Kb7 46.
Nxd8+ Kxa6 47. gxf3 1-0

[Event "DFMM-LV"]
[Site "Braunfels"]
[Date "2013.06.02"]
[Round "5.3"]
[White "Sieber, Fiona"]
[Black "Rudolph, Anna"]
[Result "0-1"]
[WhiteElo "1836"]
[BlackElo "2250"]
[PlyCount "174"]
[EventDate "2013.05.30"]
[EventType "team-swiss"]
[EventCountry "GER"]
[WhiteTeam "Niedersachsen"]
[BlackTeam "Nordrhein Westfalen"]
[WhiteTeamCountry "GER"]
[BlackTeamCountry "GER"]

1. e4 Nf6 2. e5 Nd5 3. Nc3 Nxc3 4. bxc3 d6 5. exd6 exd6 6. Bc4 d5 7. Bb3 Be7 8.
Ne2 O-O 9. O-O c5 10. a3 b5 11. d3 Bb7 12. Rb1 a6 13. Ng3 Bf6 14. Bd2 Nd7 15.
Nh5 Bc6 16. Nxf6+ Qxf6 17. c4 dxc4 18. dxc4 Ne5 19. cxb5 axb5 20. f4 Ng6 21.
Bc1 Rfd8 22. Qg4 c4 23. Bb2 c3 24. Bc1 Re8 25. f5 Re4 26. Qf3 Qd4+ 27. Qf2
Qxf2+ 28. Kxf2 Ne5 29. Rd1 Ng4+ 30. Kg3 Ne3 31. Bxe3 Rxe3+ 32. Kf4 Rae8 33. Bd5
Bxd5 34. Rxd5 R8e4+ 35. Kg5 h6+ 36. Kh5 Kh7 37. Rd7 Re2 38. Rb4 Rxb4 39. axb4
f6 40. Rd5 Rxg2 41. h4 Rxc2 42. Rxb5 Rb2 43. Rc5 c2 44. Rc8 Rxb4 45. Rxc2 Rb5
46. Kg4 h5+ 47. Kf4 Rb4+ 48. Kg3 Rg4+ 49. Kh3 Rf4 50. Rc5 Kh6 51. Kg3 Rg4+ 52.
Kh3 g5 53. fxg6 Kxg6 54. Ra5 Re4 55. Kg3 Re5 56. Ra1 Re3+ 57. Kf2 Re4 58. Kg3
Kf5 59. Ra5+ Re5 60. Ra4 Re3+ 61. Kf2 Re4 62. Ra5+ Kg4 63. Kg2 f5 64. Rb5 Re2+
65. Kf1 Rh2 66. Rb4+ f4 67. Rb5 Kxh4 68. Kg1 Ra2 69. Rb3 Kg4 70. Kf1 h4 71. Kg1
Re2 72. Kf1 Re3 73. Rb8 Ra3 74. Kf2 Ra2+ 75. Kf1 Kg3 76. Rg8+ Kf3 77. Kg1 Ra1+
78. Kh2 Ke3 79. Re8+ Kf2 80. Rb8 f3 81. Rb2+ Kf1 82. Rb8 Ra2+ 83. Kh1 f2 84.
Re8 Re2 85. Ra8 Re3 86. Ra1+ Ke2 87. Kg2 f1=Q+ 0-1

[Event "DFMM-LV"]
[Site "Braunfels"]
[Date "2013.06.02"]
[Round "5.4"]
[White "Freitag, Julia"]
[Black "Schulze, Dorothee"]
[Result "1/2-1/2"]
[WhiteElo "2144"]
[BlackElo "1992"]
[PlyCount "27"]
[EventDate "2013.05.30"]
[EventType "team-swiss"]
[EventCountry "GER"]
[WhiteTeam "Nordrhein Westfalen"]
[BlackTeam "Niedersachsen"]
[WhiteTeamCountry "GER"]
[BlackTeamCountry "GER"]

1. d4 Nf6 2. e3 g6 3. f4 Bg7 4. Nf3 O-O 5. c3 d6 6. Bc4 d5 7. Bd3 Nbd7 8. Nbd2
c5 9. O-O Rb8 10. a4 a6 11. Qe1 b5 12. axb5 axb5 13. f5 Qb6 14. Qh4 1/2-1/2

[Event "DFMM-LV"]
[Site "Braunfels"]
[Date "2013.06.02"]
[Round "5.5"]
[White "Markgraf, Claudia"]
[Black "Henrichs, Wenke"]
[Result "0-1"]
[WhiteElo "1985"]
[BlackElo "2047"]
[PlyCount "42"]
[EventDate "2013.05.30"]
[EventType "team-swiss"]
[EventCountry "GER"]
[WhiteTeam "Niedersachsen"]
[BlackTeam "Nordrhein Westfalen"]
[WhiteTeamCountry "GER"]
[BlackTeamCountry "GER"]

1. e4 e6 2. d4 d5 3. e5 c5 4. c3 Nc6 5. Nf3 Nh6 6. a3 f6 7. exf6 Qxf6 8. Bg5
Qf7 9. Bb5 Bd6 10. O-O O-O 11. dxc5 Bxc5 12. c4 Ng4 13. Nc3 Qh5 14. Bh4 Nd4 15.
Ne5 Qxh4 16. Qxg4 Qxg4 17. Nxg4 a6 18. Ba4 dxc4 19. Bd1 b5 20. Re1 Bb7 21. Ne5
Nb3 0-1

[Event "DFMM-LV"]
[Site "Braunfels"]
[Date "2013.06.02"]
[Round "5.6"]
[White "Nattermueller, Irina"]
[Black "Kickert, Germaine Helene"]
[Result "1-0"]
[WhiteElo "2115"]
[BlackElo "1947"]
[PlyCount "119"]
[EventDate "2013.05.30"]
[EventType "team-swiss"]
[EventCountry "GER"]
[WhiteTeam "Nordrhein Westfalen"]
[BlackTeam "Niedersachsen"]
[WhiteTeamCountry "GER"]
[BlackTeamCountry "GER"]

1. e4 e6 2. d4 d5 3. Nc3 Bb4 4. e5 Ne7 5. Bd2 b6 6. Qg4 Nf5 7. Bd3 h5 8. Qf4 g5
9. Qxg5 Qxg5 10. Bxg5 Nxd4 11. O-O-O Bc5 12. h4 Ba6 13. Rh3 Bxd3 14. Rhxd3 Nf5
15. Nh3 a6 16. g3 Nc6 17. Bf6 Rh6 18. Kb1 Bd4 19. Rf3 Nfe7 20. Ng5 Nxe5 21.
Bxe5 Bxe5 22. Nxf7 Bxc3 23. Nxh6 Bg7 24. Nf7 Nf5 25. Ng5 Kd7 26. Rxf5 exf5 27.
Rxd5+ Ke7 28. Rxf5 Bf6 29. c3 Rh8 30. Kc2 Rh6 31. Ne4 Bg7 32. Ng5 Bf6 33. Kd3
Rh8 34. Ke4 Rd8 35. Rd5 Rf8 36. Nh7 Rf7 37. Rxh5 Bxh4 38. Ke3 Bf6 39. Nxf6 Kxf6
40. f4 Re7+ 41. Kf3 Rd7 42. Rh2 Rd3+ 43. Kg4 Kg6 44. f5+ Kf6 45. Kf4 Rd1 46.
Rf2 a5 47. Kg4 Rh1 48. Re2 Rb1 49. Rh2 a4 50. a3 Rf1 51. Rh6+ Kg7 52. Rc6 Rf2
53. Rxc7+ Kf8 54. Kg5 Rxb2 55. f6 Rg2 56. g4 Rg1 57. Rb7 Rg3 58. Rxb6 Rxc3 59.
Kg6 Ke8 60. f7+ 1-0

[Event "DFMM-LV"]
[Site "Braunfels"]
[Date "2013.06.02"]
[Round "5.7"]
[White "Aden, Dagmar"]
[Black "Vogel, Heike"]
[Result "1/2-1/2"]
[WhiteElo "1881"]
[BlackElo "2126"]
[PlyCount "44"]
[EventDate "2013.05.30"]
[EventType "team-swiss"]
[EventCountry "GER"]
[WhiteTeam "Niedersachsen"]
[BlackTeam "Nordrhein Westfalen"]
[WhiteTeamCountry "GER"]
[BlackTeamCountry "GER"]

1. e4 d5 2. exd5 Nf6 3. Nc3 Nxd5 4. Bc4 Nb6 5. Bb3 Nc6 6. a3 Bf5 7. Nge2 e5 8.
Ng3 Bg6 9. d3 Be7 10. O-O h5 11. f4 h4 12. Nge4 f5 13. Ng5 Bxg5 14. fxg5 Qe7
15. h3 Nd4 16. Ba2 O-O-O 17. Be3 Kb8 18. Qd2 f4 19. Bxd4 Rxd4 20. Rae1 Qxg5 21.
Nb5 Rd7 22. Qa5 Bf7 1/2-1/2

[Event "DFMM-LV"]
[Site "Braunfels"]
[Date "2013.06.02"]
[Round "5.8"]
[White "Limbourg, Marina"]
[Black "Braje, Monika"]
[Result "1-0"]
[WhiteElo "1967"]
[BlackElo "1814"]
[PlyCount "77"]
[EventDate "2013.05.30"]
[EventType "team-swiss"]
[EventCountry "GER"]
[WhiteTeam "Nordrhein Westfalen"]
[BlackTeam "Niedersachsen"]
[WhiteTeamCountry "GER"]
[BlackTeamCountry "GER"]

1. e4 d5 2. exd5 Nf6 3. Bb5+ Bd7 4. Be2 Nxd5 5. d4 e6 6. Nf3 Be7 7. O-O O-O 8.
c4 Nb6 9. Nc3 Bc8 10. Be3 N8d7 11. Rb1 c5 12. a4 cxd4 13. Bxd4 Nf6 14. a5 Nbd7
15. b4 b6 16. axb6 axb6 17. Be3 Bb7 18. Qb3 Qb8 19. Rfd1 Rc8 20. h3 h6 21. Nd4
Ne4 22. Nxe6 Nxc3 23. Qxc3 Bf6 24. Nd4 Re8 25. c5 Be4 26. Rb2 Rc8 27. Bg4 Rd8
28. c6 Qc7 29. Bxd7 Rxd7 30. b5 Rdd8 31. Rbd2 Rdc8 32. Qc4 Bg6 33. Nf3 Qa7 34.
Bf4 Qa3 35. Ne5 Ra4 36. Qd5 Rxf4 37. Nxg6 Ra4 38. Ne5 Qe7 39. Nd7 1-0